000 00995nam a22001457a 4500
999 _c527744
_d527744
008 240920b ||||| |||| 00| 0 eng d
100 _aSinha, Shishir
_958256
245 _aSalaried class and consumer: Key to Viksit Bhharat
260 _aYojana
300 _a68(9), Sep, 2024: p.25-28
520 _a The union budget 2024-25 focuses on achieving a $10 trillion GDP by 2033 and a ‘developed country’ status by 2047 through a virtuous cycle involving salaried individuals and consumers. Key measures include rising the standard deduction, changing tax slabs, introducing the employment linked incentive (ELI) schemes, and a paid internships, schema. For consumers, the budget aims to increase disposable income and reduce prices, with actions such as reduced customs duties and plans for GST rat rationalism. The budget emphasizes enhancing regular income and consumption, to support economic growth. – Reproduced
773 _aYojana
906 _aPUBLIC FINANCE
942 _cAR